[Event "Moscow-chW 2019"]
[Site "Moscow"]
[Date "2019.04.02"]
[Round "4.3"]
[White "Diakonova, Ekaterina"]
[Black "Zotova, Anastasia"]
[Result "1/2-1/2"]
[WhiteElo "2214"]
[BlackElo "2148"]
[Annotator "NA RC"]
[PlyCount "95"]
[EventDate "2019.03.30"]
[EventType "swiss"]
[EventCountry "RUS"]
[SourceTitle "playchess.com"]
[Source "ChessBase"]
[SourceQuality "1"]
[TimeControl "5400+30"]

1. e4 {[%emt 0:00:00]} c5 {[%emt 0:00:00]} 2. Nf3 {[%emt 0:00:00]} d6 {[%emt 0:00:00]} 3. d4 {[%emt 0:00:00]} cxd4 {[%emt 0:00:00]} 4. Nxd4 {[%emt 0:00:00]} Nf6 {[%emt 0:00:00]} 5. Nc3 {[%emt 0:00:00]} a6 {[%emt 0:00:00]} 6. h3 {[%emt 0:00:00]} e5 {[%emt 0:00:05]} 7. Nde2 {[%emt 0:00:00]} h5 {[%emt 0:00:08]} 8. g3 {[%emt 0:00:12]} Be7 {[%emt 0:00:10]} 9. a4 {[%emt 0:00:53]} b6 {[%emt 0:02:08]} 10. Bg2 {[%emt 0:00:59]} Bb7 {[%emt 0:00:39]} 11. O-O {[%emt 0:12:13]} Nbd7 {[%emt 0:05:12]} 12. Nd5 {[%emt 0:02:08]} Nxd5 {[%emt 0:01:30]} 13. exd5 {[%emt 0:00:05]} Rc8 {[%emt 0:01:00]} 14. Be3 {[%emt 0:04:07]} Qc7 {[%emt 0:02:54]} 15. Rc1 {[%emt 0:04:17]} b5 {[%emt 0:02:40]} 16. f4 {[%emt 0:11:10]} h4 {[%emt 0:04:54]} 17. g4 {[%emt 0:01:01]} exf4 {[%emt 0:01:26]} 18. Nxf4 {[%emt 0:02:40]} Ne5 {[%emt 0:02:10]} 19. Nh5 {[%emt 0:03:21]} O-O {[%emt 0:03:40]} 20. c3 {[%emt 0:09:41]} Qc4 {[%emt 0:05:03]} 21. b3 {[%emt 0:09:27]} Qd3 {[%emt 0:01:57]} 22. Bd4 {[%emt 0:00:16]} Qxd1 {[%emt 0:01:34]} 23. Rcxd1 {[%emt 0:00:37]} Bg5 {[%emt 0:00:50]} 24. Ra1 {[%emt 0:04:54]} Ra8 {[%emt 0:06:47]} 25. Nf4 {[%emt 0:11:11]} Rfe8 {[%emt 0:02:39]} 26. Bb6 {[%emt 0:01:51]} Rac8 {[%emt 0:08:02]} 27. Bd4 {[%emt 0:00:10]} Ra8 {[%emt 0:00:23]} 28. Kh1 {[%emt 0:00:04]} Bxf4 {[%emt 0:01:21]} 29. Rxf4 {[%emt 0:00:05]} Nd3 {[%emt 0:00:20]} 30. Rff1 {[%emt 0:01:41]} Re2 {[%emt 0:01:08]} 31. axb5 {[%emt 0:01:04]} axb5 {[%emt 0:01:43]} 32. Rxa8+ {[%emt 0:00:04]} Bxa8 {[%emt 0:00:03]} 33. Ra1 {[%emt 0:00:02]} Bb7 {[%emt 0:00:46]} 34. c4 {[%emt 0:08:16]} bxc4 {[%emt 0:01:21]} 35. bxc4 {[%emt 0:00:04]} Rc2 {[%emt 0:01:50]} 36. Rd1 {[%emt 0:08:27]} Nf4 {[%emt 0:02:26]} 37. Bf1 {[%emt 0:00:05]} Kf8 {[%emt 0:13:29]} 38. Be3 {[%emt 0:04:10]} Ne2 {[%emt 0:01:32]} 39. Bxe2 {[%emt 0:00:05]} Rxe2 {[%emt 0:00:03]} 40. Bg5 {[%emt 0:01:07]} Re4 {[%emt 0:03:04]} 41. Rb1 {[%emt 0:01:14]} Ba6 {[%emt 0:00:26]} 42. c5 {[%emt 0:00:44]} dxc5 {[%emt 0:00:45]} 43. d6 {[%emt 0:00:26]} Ke8 {[%emt 0:00:07]} 44. Rb8+ {[%emt 0:01:07]} Kd7 {[%emt 0:00:02]} 45. Rd8+ {[%emt 0:00:01]} Kc6 {[%emt 0:00:14]} 46. d7 {[%emt 0:01:07]} Bc4 {[%emt 0:00:29]} 47. Rc8+ {[%emt 0:01:39]} Kxd7 {[%emt 0:00:33]} 48. Rxc5 {[%emt 0:00:01]} 1/2-1/2

[Event "Moscow-chW 2019"]
[Site "Moscow"]
[Date "2019.04.02"]
[Round "4.4"]
[White "Kanevskaya, Anna"]
[Black "Afanasieva, Alexandra"]
[Result "1/2-1/2"]
[WhiteElo "2136"]
[BlackElo "2093"]
[Annotator "TA"]
[PlyCount "81"]
[EventDate "2019.03.30"]
[EventType "swiss"]
[EventCountry "RUS"]
[SourceTitle "playchess.com"]
[Source "ChessBase"]
[SourceQuality "1"]

{[%evp 18,81,29,29,27,9,25,5,12,4,8,0,0,0,22,14,15,0,25,24,32,6,4,4,6,0,0,0,4,7,8,-1,-1,-13,-13,-19,-18,-14,0,0,0,-20,0,0,0,-23,0,0,0,-20,0,0,0,-20,0,0,0,-14,0,0,0,-13,0,-8,0,-418]} 1. d4 Nf6 2. Nf3 e6 3. c4 b6 4. g3 Bb7 5. Bg2 Bb4+ 6. Nbd2 O-O 7. O-O c5 8. a3 Bxd2 9. Qxd2 cxd4 10. Qxd4 Nc6 {E16: Queen's Indian: 4 g3 Bb7 5 Bg2 Bb4+} 11. Qf4 d5 12. Rd1 $146 ({Predecessor:} 12. b4 Ne7 13. Bb2 Ng6 14. Qd4 dxc4 15. Qxc4 Rc8 {½-½ (33) Postny,E (2569)-Matlakov,M (2730) Antalya 2017}) 12... Qe7 13. cxd5 Nxd5 14. Qg5 Rfd8 15. Qxe7 Ncxe7 16. Bd2 Rac8 17. Rac1 Kf8 (17... Nf6 {feels hotter.} 18. Bg5 Rxd1+ 19. Rxd1 Kf8 20. h4 Ba6) 18. Rxc8 Rxc8 19. Rc1 Rxc1+ 20. Bxc1 Nf6 21. Ne5 Bxg2 22. Kxg2 $11 {[%mdl 4096] Endgame KBN-KNN} Ke8 23. Kf3 Nd7 24. Nc4 Nc6 25. Nd6+ Ke7 26. Nc8+ Kd8 27. Nd6 Ke7 28. Nc8+ Kd8 29. Nd6 Ke7 30. Nc8+ Kd8 31. Nd6 Ke7 32. Nc8+ {The position is equal.} Kd8 33. Nd6 Ke7 34. Nc8+ Kd8 35. Nd6 Ke7 36. Nc8+ Kd8 37. Nd6 Ke7 38. Nc8+ Kd8 39. Nd6 Ke7 40. Nc8+ Kd8 41. Ke4 $2 {[%mdl 40960] Accuracy: White = 54%, Black = 35%. . An unexpected result.} (41. Nd6 $11 {and White is okay.}) 1/2-1/2

[Event "Moscow-chW 2019"]
[Site "Moscow"]
[Date "2019.04.03"]
[Round "5.1"]
[White "Utiatskaja, Irina"]
[Black "Borisova, Ekaterina"]
[Result "0-1"]
[WhiteElo "2210"]
[BlackElo "2255"]
[Annotator "TA"]
[PlyCount "29"]
[EventDate "2019.03.30"]
[EventType "swiss"]
[EventCountry "RUS"]
[SourceTitle "playchess.com"]
[Source "ChessBase"]
[SourceQuality "1"]

{[%evp 18,29,29,20,26,21,16,15,35,-10,-9,-20,3,-21]} 1. e4 c5 2. Nf3 d6 3. d4 cxd4 4. Nxd4 Nf6 5. Nc3 a6 6. h3 e6 7. g4 d5 8. exd5 Nxd5 9. Nde2 Bb4 10. Bg2 Nc6 {B81: Sicilian Scheveningen: Keres Attack} 11. O-O {[%cal Rc3d5]} Nxc3 12. Nxc3 Qc7 13. Ne2 $146 ({Predecessor:} 13. Qe2 O-O 14. Qc4 Bd6 15. Be3 Bd7 16. Qxe6 Rfd8 17. Rad1 Be8 18. a4 b5 19. Ne4 {½-½ (19) Baklan,V (2614)-Fier,A (2624) Drancy 2016}) 13... O-O {[#] White must now prevent ...Rd8.} 14. c4 Rd8 15. Qc2 {[%mdl 32768] Loss on time!?} 0-1

[Event "Moscow-chW 2019"]
[Site "Moscow"]
[Date "2019.04.03"]
[Round "5.2"]
[White "Diakonova, Ekaterina"]
[Black "Charochkina, Daria"]
[Result "0-1"]
[WhiteElo "2214"]
[BlackElo "2330"]
[Annotator "TA"]
[PlyCount "25"]
[EventDate "2019.03.30"]
[EventType "swiss"]
[EventCountry "RUS"]
[SourceTitle "playchess.com"]
[Source "ChessBase"]
[SourceQuality "1"]

{[%evp 12,25,3,-2,4,0,-6,-12,-2,-7,-5,-9,0,-13,-8,-23]} 1. e4 c5 2. Nf3 Nc6 3. Bb5 g6 4. c3 Nf6 5. e5 Nd5 6. O-O Bg7 7. d4 {The position is equal.} Nc7 {B31: Sicilian: 2...Nc6 3 Bb5 g6} (7... cxd4 8. cxd4 Nc7 9. Ba4 O-O 10. Bf4 b5 11. Bb3 d6 12. exd6 exd6 13. Bg5 Qd7 14. Qd2 Bb7 15. d5 Ne7 16. Nc3 {1-0 (28) Smirin,I (2670)-Vakhidov,J (2561) Moscow 2017}) 8. Bxc6 dxc6 9. h3 cxd4 10. cxd4 O-O 11. Nc3 Bf5 12. Re1 Qd7 $146 ({Predecessor:} 12... Nd5 13. Ne4 Qb6 14. g4 Bc8 15. Nc5 Nc7 16. b3 Na6 17. Na4 Qa5 {½-½ (61) Lushnikov,A (2272)-Utkin,A (2187) St Petersburg 2008}) 13. Ne4 {[%mdl 32768] Loss on time!?} 0-1

[Event "Moscow-chW 2019"]
[Site "Moscow"]
[Date "2019.04.03"]
[Round "5.3"]
[White "Afanasieva, Alexandra"]
[Black "Mirzoeva, Elmira"]
[Result "0-1"]
[WhiteElo "2093"]
[BlackElo "2272"]
[Annotator "TA"]
[PlyCount "21"]
[EventDate "2019.03.30"]
[EventType "swiss"]
[EventCountry "RUS"]
[SourceTitle "playchess.com"]
[Source "ChessBase"]
[SourceQuality "1"]

{[%evp 14,21,64,0,0,-27,-27,-33,-32,-10]} 1. e4 c5 2. Nf3 Nc6 3. d4 cxd4 4. Nxd4 Nf6 5. Nc3 d6 6. Bg5 e6 7. Qd2 h6 8. Be3 (8. Bxf6 $1 $14 gxf6 9. Bb5) 8... Ng4 $11 {B63: Sicilian: Richter-Rauzer: 7...Be7 and unusual Black 7th moves} (8... a6 9. O-O-O Qc7 10. f4 Bd7 11. Kb1 b5 12. Bd3 Na5 13. Qe1 Nc4 14. Bc1 b4 15. Nce2 a5 16. Ng3 Be7 17. Qe2 Rc8 18. Rhe1 a4 19. Ngf5 exf5 20. exf5 {0-1 (44) Adams,M (2630)-Shirov,A (2685) Chalkidiki 1993}) 9. Nb3 $146 ({Predecessor:} 9. O-O-O Nxe3 10. Qxe3 a6 11. Kb1 Be7 12. f4 Bd7 13. Qg3 g5 14. f5 Qb6 {½-½ (14) Sylvan,J (2321)-Baches Garcia,G (2381) Palma de Mallorca 2015}) 9... Nxe3 10. Qxe3 Be7 11. f4 {[%mdl 32768] Loss on time!?} 0-1

[Event "Moscow-chW 2019"]
[Site "Moscow"]
[Date "2019.04.03"]
[Round "5.4"]
[White "Gvanceladze, Anna"]
[Black "Kanevskaya, Anna"]
[Result "1/2-1/2"]
[WhiteElo "2261"]
[BlackElo "2136"]
[Annotator "TA"]
[PlyCount "36"]
[EventDate "2019.03.30"]
[EventType "swiss"]
[EventCountry "RUS"]
[SourceTitle "playchess.com"]
[Source "ChessBase"]
[SourceQuality "1"]

{[%evp 17,18,13,19]} 1. e4 e5 2. Nf3 Nc6 3. Bb5 a6 4. Bxc6 dxc6 5. O-O f6 6. d4 Bg4 7. c3 Bd6 8. Be3 Ne7 9. Nbd2 Qd7 {Predecessor:} 10. h3 $146 Be6 11. dxe5 fxe5 12. c4 Ng6 13. c5 Be7 14. Qe2 O-O-O 15. Nc4 Nf4 16. Bxf4 exf4 17. Rfd1 Qe8 18. Rxd8+ Bxd8 {1-0 (30) Muzychuk,A (2566)-Brunello,S (2602) Wijk aan Zee 2014} 1/2-1/2

[Event "Moscow-chW 2019"]
[Site "Moscow"]
[Date "2019.04.04"]
[Round "6.1"]
[White "Mirzoeva, Elmira"]
[Black "Borisova, Ekaterina"]
[Result "1/2-1/2"]
[WhiteElo "2272"]
[BlackElo "2255"]
[Annotator "TA"]
[PlyCount "120"]
[EventDate "2019.03.30"]
[EventType "swiss"]
[EventCountry "RUS"]
[SourceTitle "playchess.com"]
[Source "ChessBase"]
[SourceQuality "1"]

{[%evp 22,120,-13,-10,-4,-10,-9,-10,-9,-9,-4,-7,-7,-41,-7,0,0,-45,-51,-62,-56,-53,-32,-50,-41,-51,-53,-45,-11,-11,-11,-10,0,0,0,0,0,0,0,-118,0,-106,-117,-210,-140,-134,-134,-112,-110,-222,-215,-211,-216,-196,-184,-1355,-1380,-1372,-1346,-1197,-1159,-12337,-863,-804,-794,-684,-697,-648,-543,-466,-398,-404,-161,-158,0,0,0,0,0,0,0,0,0,0,0,0,0,0,0,0,0,0,0,0,0,0,0,0,0,0,0]} 1. c4 c6 2. e4 d5 3. cxd5 cxd5 4. exd5 Nf6 5. Qa4+ Nbd7 6. Nc3 g6 7. Nf3 Bg7 8. Bc4 {B10: Caro-Kann: 2 d3 and 2 c4} O-O 9. d3 a6 10. Qa3 b6 11. O-O Bb7 12. Re1 {LiveBook: 124 Games} Re8 13. Be3 b5 14. Bb3 Nb6 15. Bxb6 Qxb6 {[#]} 16. Qb4 $146 Qd8 {[%cal Rf6d5]} 17. d4 Nxd5 18. Nxd5 Bxd5 19. Ne5 Rc8 20. Rac1 Bxb3 21. Qxb3 e6 {Threatens to win with ...Rxc1.} 22. Rxc8 Qxc8 23. a4 Bxe5 24. dxe5 bxa4 25. Qxa4 $15 {[%mdl 4096] Endgame KQR-KQR} Rd8 26. Rd1 Rd5 $40 {[%mdl 128] Black attacks.} 27. Rxd5 exd5 $11 {KQ-KQ} 28. g3 Qc1+ 29. Kg2 Qxb2 30. Qe8+ Kg7 31. Qe7 (31. e6 $1 $11 fxe6 32. Qe7+ Kh6 33. Qh4+ Kg7 34. Qe7+ Kh6 35. Qh4+ Kg7 36. Qe7+) 31... Qb6 $1 $17 32. f4 (32. Qd7 $17 {was called for.}) 32... Qe6 33. Qd8 h5 34. Kf2 Qc6 35. Kg1 (35. h3 $17 {might work better.}) 35... Qc5+ 36. Kg2 d4 37. Qf6+ Kg8 38. Qxa6 $2 (38. Qd8+ Kh7 39. Qd7) 38... Qc2+ $19 39. Kh3 {[#]} Qf5+ $1 40. Kg2 {[#]} Qe4+ $1 41. Kf2 Qe3+ (41... Qc2+ $142 42. Kf3 d3 43. Qa8+ Kh7) 42. Kf1 Qf3+ 43. Kg1 d3 44. e6 Qe3+ 45. Kf1 Qe2+ 46. Kg1 Qe1+ $2 (46... fxe6 $19 {and Black stays clearly on top.} 47. Qc8+ Kf7 48. Qc7+ Kf6 49. Qd8+ Kf5 50. Qg5+ Ke4 51. Qxg6+ Kd5 52. Qg5+ Kc4) 47. Kg2 $17 d2 $2 ({Stronger than} 47... Qxe6 48. Qxd3 Qa2+ 49. Kh3 $11) ({Black should play} 47... Qe4+ $17 48. Kf2 Qd4+ 49. Ke1 Qg1+ 50. Kd2 Qxh2+ 51. Kxd3 Qxg3+ 52. Ke4 Qe1+ 53. Kf3 Qxe6) 48. exf7+ $11 {The position is equal.} Kxf7 49. Qa7+ Kg8 50. Qb8+ Kh7 51. Qc7+ Kh6 52. Qd8 {[%cal Rd8h8]} Qe2+ 53. Kh3 {[%cal Rd8h8]} Kg7 54. Qd7+ Kf6 55. Qd8+ Kg7 56. Qd7+ Kh6 (56... Kf6 $5 57. Qd8+ $8 Kg7 $11) 57. Qd8 {[%cal Rd8h8]} Qe6+ 58. Kg2 {[%cal Rd8h8]} Qe4+ 59. Kh3 {[%cal Rd8h8]} Qf5+ 60. Kg2 {[%cal Rd8h8]} Qe4+ {Precision: White = 60%, Black = 65%.} 1/2-1/2

[Event "Moscow-chW 2019"]
[Site "Moscow"]
[Date "2019.04.04"]
[Round "6.2"]
[White "Fominykh, Maria"]
[Black "Charochkina, Daria"]
[Result "0-1"]
[WhiteElo "2259"]
[BlackElo "2330"]
[Annotator "TA"]
[PlyCount "104"]
[EventDate "2019.03.30"]
[EventType "swiss"]
[EventCountry "RUS"]
[SourceTitle "playchess.com"]
[Source "ChessBase"]
[SourceQuality "1"]

{[%evp 9,104,-7,50,23,23,25,22,18,28,11,30,5,5,8,0,0,14,0,15,0,18,14,8,-12,-10,-5,16,-29,-14,-117,-135,-193,-129,-221,-221,-221,-221,-221,-221,-221,-221,-221,-221,-221,-221,-221,-221,-221,-221,-221,-221,-221,-221,-221,-221,-221,-221,-221,-221,-411,-411,-411,-411,-568,-411,-411,-418,-2525,-2525,-2314,-2236,-2892,-2892,-2719,-2730,-2414,-2177,-1851,-1677,-1243,-1005,-795,-741,-1986,-1924,-5695,-4776,-29958,-29960,-29948,-5661,-5661,-5654,-29982,-29983,-29988,-29989]} 1. Nf3 c5 2. e3 Nc6 3. d4 cxd4 4. exd4 d5 5. Bd3 (5. Bb5 e6 6. O-O Bd6 7. c4 Nge7 8. Nc3 O-O 9. c5 Bc7 10. a3 e5 11. Bxc6 Nxc6 12. dxe5 d4 13. Nb5 {½-½ (60) Karjakin,S (2753)-Mamedyarov,S (2817) St Petersburg 2018}) 5... Qc7 ({Black should play} 5... Bg4 $11) 6. h3 {B13: Caro-Kann: Exchange Variation and Panov-Botvinnik Attack} e6 7. O-O Nf6 8. a3 $146 {The position is equal.} ({Predecessor:} 8. Nc3 a6 9. Bg5 Be7 10. Re1 O-O 11. a4 h6 12. Bd2 Bd6 13. Qc1 {½-½ (27) Hajagos,J (1966)-Keresztes,M (2147) Hungary 2011}) 8... h6 9. Re1 Bd6 10. c4 dxc4 11. Bxc4 O-O 12. Nc3 a6 13. Ba2 Rd8 14. Be3 b5 15. Rc1 Bb7 16. Qd2 {Black should prevent Bxh6!} Bf8 17. b4 Qd7 18. Red1 (18. d5 $5 exd5 19. Bb6 $14) 18... a5 19. Nxb5 (19. d5 $11 {keeps the balance.} axb4 20. dxc6 Qxc6 21. Nd5 Rxd5 22. Bxd5 Qxd5 23. axb4) 19... axb4 $17 20. Qe2 (20. axb4 $17 {might work better.} Nxb4 21. Bc4) 20... Ra5 (20... bxa3 $19 21. Bc4 Nd5) 21. Ne5 (21. a4 $17 Rxa4 22. Ne5 Nxe5 23. dxe5) 21... Nxe5 $19 22. dxe5 Qxb5 23. Qxb5 Rxd1+ 24. Rxd1 Rxb5 25. exf6 bxa3 26. Rd8 Bd5 27. Bxd5 Rxd5 {[%mdl 4096] Endgame KRB-KRB} 28. Ra8 gxf6 29. Bxh6 {[#]} a2 $1 {[%mdl 512]} 30. Bxf8 {Hoping for Bb4+. KRB-KR} (30. Rxa2 Rd1+) 30... Rd1+ 31. Kh2 {Threatens to win with Bc5+.} a1=Q 32. Rxa1 Rxa1 {KR-KB} 33. Bc5 f5 34. g4 $2 (34. Be3 {was necessary.}) 34... fxg4 35. hxg4 Rc1 36. Be3 Rc4 37. Kg3 Kg7 38. Kf3 (38. Bg5 $142) 38... Kf6 39. Kg3 Ke5 40. Kf3 Rc3 41. Kg2 Ke4 42. Bh6 Rf3 43. Bg5 Rb3 44. Bh6 Rb8 45. Bc1 Rg8 46. Kg3 e5 {[%cal Be6e5,Be5e4][%mdl 32]} 47. f3+ Kd3 48. Kf2 e4 49. Bf4 Rg6 50. g5 f6 51. gxf6 Rxf6 52. Kg3 {[#]} Rxf4 $1 {[%mdl 512] Precision: White = 30%, Black = 82%.} 0-1

[Event "Moscow-chW 2019"]
[Site "Moscow"]
[Date "2019.04.04"]
[Round "6.3"]
[White "Dumcheva, Julia"]
[Black "Gvanceladze, Anna"]
[Result "0-1"]
[WhiteElo "2168"]
[BlackElo "2261"]
[Annotator "TA"]
[PlyCount "90"]
[EventDate "2019.03.30"]
[EventType "swiss"]
[EventCountry "RUS"]
[SourceTitle "playchess.com"]
[Source "ChessBase"]
[SourceQuality "1"]

{[%evp 10,90,23,22,25,6,12,-10,-10,-10,-9,-13,-17,-25,-20,-24,-22,-18,-4,-23,-15,-32,-36,-47,-41,-53,-40,-39,-22,-45,-41,-73,-83,-243,-225,-262,-214,-347,-341,-360,-372,-362,-350,-354,-367,-371,-360,-400,-406,-408,-412,-477,-478,-424,-465,-527,-537,-485,-480,-473,-470,-487,-474,-489,-483,-412,-474,-1414,-1400,-1508,-1467,-1503,-1207,-1809,-1809,-1605,-1487,-1809,-1680,-5739,-5697,-2773,-2994]} 1. e4 c6 2. Nc3 d5 3. Nf3 dxe4 4. Nxe4 Nf6 5. Qe2 Nxe4 6. Qxe4 Qd5 {B11: Caro-Kann: Two Knights Variation} (6... Qa5 7. Bd3 Na6 8. Qe5 Qxe5+ 9. Nxe5 Nb4 10. Be4 f6 11. c3 Nd5 12. Nf3 a5 13. d4 a4 14. Bd2 {½-½ (41) Adams,M (2703)-Howell,D (2696) London 2018}) 7. Qxd5 (7. Qf4 {feels hotter.} Qf5 8. d3 g6 9. c3 Qxf4 10. Bxf4 Bf5 11. h4) 7... cxd5 8. a4 $146 ({Predecessor:} 8. d4 Nc6 9. c3 a6 10. Bf4 Bf5 11. Kd2 f6 12. Bd3 Bg4 13. Rhe1 Kf7 14. Re3 {0-1 (28) Triton,M (1937)-Kathmale,S (2312) Mumbai 2018}) 8... Nc6 {The position is equal.} 9. d4 Bf5 10. c3 e6 11. b4 Bd6 12. Nh4 Be4 13. f3 Bc2 14. g3 h6 15. Kd2 Bh7 $36 {[%mdl 2048] Black fights for an advantage.} 16. Ba3 Kd7 17. Bd3 $1 Bxd3 18. Kxd3 Rhc8 19. Rhe1 Rc7 20. f4 Rac8 21. f5 $2 {[#]} (21. Rec1 $17) 21... e5 22. f6 e4+ 23. Ke3 (23. Ke2 $142 g6 24. Red1) 23... g6 $19 (23... gxf6 $2 24. Kd2 $17) 24. Bc1 Nd8 25. Bd2 Rxc3+ 26. Bxc3 Rxc3+ 27. Kf2 Bxb4 28. Rec1 Nc6 29. Rxc3 Bxc3 {[%mdl 4096] Endgame KRN-KBN} 30. Rf1 Bxd4+ 31. Ke2 Bc5 32. Rb1 b6 33. Ng2 Nd4+ 34. Kd1 Ke6 35. Nf4+ Ke5 36. a5 Ne6 37. axb6 axb6 38. Ra1 (38. Ng2 $142) 38... Nxf4 39. gxf4+ Kxf6 {KR-KB} 40. Ra7 Ke6 41. Rb7 f6 42. Rh7 h5 43. Rg7 Kf5 44. Rd7 d4 45. Rf7 d3 {Accuracy: White = 31%, Black = 84%.} 0-1

[Event "Moscow-chW 2019"]
[Site "Moscow"]
[Date "2019.04.04"]
[Round "6.4"]
[White "Kanevskaya, Anna"]
[Black "Utiatskaja, Irina"]
[Result "0-1"]
[WhiteElo "2136"]
[BlackElo "2210"]
[Annotator "TA"]
[PlyCount "68"]
[EventDate "2019.03.30"]
[EventType "swiss"]
[EventCountry "RUS"]
[SourceTitle "playchess.com"]
[Source "ChessBase"]
[SourceQuality "1"]

{[%evp 17,68,17,19,0,0,0,7,5,7,-24,-20,-60,-36,-103,-96,-90,-93,-93,-54,-40,-16,-73,-63,-86,-86,-106,-116,-268,-284,-308,-312,-371,-251,-253,-243,-363,-320,-292,-315,-393,-135,-156,-142,-213,-218,-898,-914,-884,-875,-1105,-921,-29995,-29996]} 1. d4 Nf6 2. c4 g6 3. Nc3 Bg7 4. e4 d6 5. f3 O-O 6. Be3 a6 7. Qd2 Nbd7 8. Nge2 c5 9. d5 b5 10. Ng3 {E81: King's Indian: Sämisch: 6th move deviations (including 6 Be3 c6)} (10. cxb5 Qa5 11. Ng3 Nb6 12. Be2 axb5 13. Nxb5 Bd7 14. Qxa5 Rxa5 15. Nc3 Na4 16. Nxa4 Rxa4 17. Bd2 Rfa8 {0-1 (58) Enchev,I (2432)-Spasov,V (2571) Panagyurishte 2012}) 10... h5 $146 ({Predecessor:} 10... Qa5 11. cxb5 Nb6 12. Be2 Nfd7 13. O-O axb5 14. Nxb5 Qxd2 15. Bxd2 Bxb2 16. Rab1 Rxa2 17. Nc3 Bxc3 18. Bxc3 {½-½ (65) Lymysalo,V (1744)-Pilsan,M (1644) St Veit 2016}) 11. Be2 h4 {Strongly threatening ...b4.} 12. Nf1 {The position is equal.} Ne5 13. Bg5 h3 14. Ne3 bxc4 {[%mdl 64] Overworked Piece} 15. Nxc4 (15. O-O $15) 15... hxg2 $17 16. Rg1 Nxc4 $1 17. Bxc4 Rb8 {White must now prevent ...Bh3.} 18. Rxg2 Rb4 19. Be2 (19. b3 $11 {remains equal.}) 19... Qb6 20. Rb1 e6 21. b3 Rd4 $36 {[%mdl 2048] Black is on the roll.} 22. Qc1 $2 (22. Bd3 $17) 22... exd5 $19 23. Bxf6 Bxf6 24. Qf4 Qd8 25. Nxd5 Bh4+ 26. Rg3 (26. Kf1 $142) 26... Bb7 27. Ne3 Bxg3+ 28. hxg3 {[#]} Bc8 $2 (28... g5 $1 $19 {[%cal Rg5f4] is more deadly.} 29. Qg4 Re8) 29. Nc2 Qa5+ {[%mdl 64] Double Attack} 30. Kf2 (30. b4 $17 Rxb4 31. Nxb4) 30... Rd2 ({Not} 30... Qxa2 $2 31. Rh1 $18) 31. Qf6 $2 {[#]} (31. Rc1) 31... Qb5 $1 {[%cal Rb5e2]} ({Worse is} 31... Rxc2 32. Rh1 Rxe2+ 33. Kxe2 Qxa2+ 34. Ke3 Qxb3+ 35. Kf4 Bh3 36. Rxh3 Qe3+ 37. Kxe3 Re8 38. Rh8#) 32. Re1 Rxc2 33. a4 Qb4 34. Kg2 Qxe1 {Accuracy: White = 25%, Black = 65%.} 0-1

[Event "Moscow-chW 2019"]
[Site "Moscow"]
[Date "2019.04.05"]
[Round "7.1"]
[White "Charochkina, Daria"]
[Black "Mirzoeva, Elmira"]
[Result "1-0"]
[WhiteElo "2330"]
[BlackElo "2262"]
[Annotator "TA"]
[PlyCount "123"]
[EventDate "2019.03.30"]
[EventType "swiss"]
[EventCountry "RUS"]
[SourceTitle "playchess.com"]
[Source "ChessBase"]
[SourceQuality "1"]

{[%evp 9,123,-39,-32,-31,-27,-77,-67,-118,-71,-130,-129,-141,-135,-139,-134,-154,-135,-143,-132,-141,-142,-146,-114,-118,-114,-114,-111,-145,-146,-163,-156,-158,-157,-156,21,20,15,14,10,-11,-11,-9,-9,-6,-16,-70,-44,-55,0,0,82,82,85,82,82,80,83,60,135,135,135,126,143,143,565,568,601,561,479,397,582,548,1458,1365,1283,632,1056,1265,1583,1788,2092,1958,1934,1964,1676,1578,1509,809,1247,1125,5197,4995,6211,6108,29980,29981,29981,29982,29982,29983,29985,29986,29986,29987,29987,29986,29986,29987,29987,29988,29988,29989,29990,29991,29991,29992]} 1. b3 Nf6 2. Bb2 g6 3. e4 d6 4. Qe2 (4. g3 Bg7 5. Bg2 O-O 6. d4 c5 7. dxc5 Qa5+ 8. Qd2 Qxc5 9. c4 Nc6 10. Nc3 Qd4 11. Qxd4 Nxd4 12. O-O-O Ne6 13. h3 Nc5 {½-½ (95) Nakamura,H (2793)-Caruana,F (2787) Saint Louis 2015}) 4... Bg7 5. d4 O-O 6. Nf3 {A01: Nimzowitsch-Larsen Opening} c5 7. g3 $146 ({Predecessor:} 7. Nbd2 cxd4 8. Nxd4 Nc6 9. O-O-O d5 10. e5 Nxd4 11. Bxd4 Ne8 12. h4 Qc7 {1-0 (53) Zelcic,R (2501)-Sulkowski,A (1755) Katowice 2017}) 7... Bg4 8. Bg2 (8. dxc5 $15 Nc6 9. Bg2) 8... Nfd7 9. h3 ({Better is} 9. Qd2) 9... Bxf3 $1 $17 10. Bxf3 Nc6 ({Resist} 10... Bxd4 11. c3 $15) 11. c3 cxd4 12. Qd2 Qa5 13. O-O Rac8 14. Rc1 dxc3 15. Bxc3 Bxc3 16. Nxc3 Nce5 17. Bg2 Rc7 {White must now prevent ...Rfc8.} 18. Qe3 Rfc8 {[%cal Rc7c3]} 19. Nd5 Rxc1+ 20. Rxc1 Rxc1+ 21. Qxc1 Qc5 $2 ({Worse is} 21... Qxa2 22. Qc8+ Kg7 23. f4 $11) ({Black should try} 21... e6 $17 22. Ne7+ Kg7) 22. Qxc5 dxc5 23. Nxe7+ $11 {[%mdl 4096] Endgame KBN-KNN} Kf8 24. Nc8 a6 25. f4 Nd3 26. e5 b5 $1 {Threatens to win with ...c4.} 27. Bf1 (27. Bb7 $11 c4 28. bxc4 bxc4 29. Bxa6 N3xe5 30. fxe5) 27... Nc1 28. a4 Nxb3 (28... c4 $1 $15 29. axb5 axb5 30. bxc4 b4) 29. axb5 axb5 (29... a5 $1 $11 {remains equal.}) 30. Bxb5 $16 Nb8 31. Nd6 Nd4 32. Bc4 Ne6 33. Ne4 Nd7 (33... Ke7 $1 $14) 34. Bxe6 $1 fxe6 {[#] KN-KN} 35. Ng5 $1 Ke7 36. Nxh7 Kd8 $2 {[%mdl 8192]} (36... c4 $16 {is more resistant.} 37. Kf2 Nc5) 37. Ng5 $18 Nf8 38. Ne4 Nd7 39. g4 Kc7 (39... c4 $142 40. Kf2 Nb6) 40. Kf2 Kc6 41. Nf6 Nf8 42. Ke3 (42. h4 $142 Kc7 43. h5 gxh5 44. gxh5) 42... Kb5 43. h4 c4 44. Kd4 Kb4 {[#]} 45. Ne4 $1 Nd7 46. Nc3 Nb8 47. Na2+ Kb3 48. Nc1+ Kb4 49. h5 Nc6+ 50. Ke4 gxh5 51. gxh5 Ne7 52. h6 {White mates.} Kc5 53. h7 Ng6 54. f5 exf5+ 55. Kxf5 Nh8 56. e6 Kd6 57. Kf6 c3 58. Ne2 c2 59. Nc1 Kc7 60. Kg7 {[%mdl 64] Trapped Piece} Kd8 61. Kxh8 Ke7 62. Kg7 {Accuracy: White = 66%, Black = 43%.} 1-0